00881 2200349 4500001002100000005001700021008004100038020002200079035002500101040001200126041000800138082000800146090001400154100001700168245005300185250001100238260002900249300004300278650001300321700001500334850001200349990001700361990001700378990001700395990001700412990001700429990001700446990001700463990001700480990001700497990001700514YOGYA-0113000000003120150528145858.0 ind  a978-979-794-283-0 a0010-011300000000031 aYOPDYOG aIND a004 a004 Bud P aBUDIMAN R.V. aPanduan lengkap menggunakan ipadc/ BUDIMAN R.V. aCet. 1 aJakartabMediakitac2011 aXI, 218 hlmbilusc24 cm + CD (10 eks) aKomputer aSudarma S. aYOPDYOG a2780-PK/B.12 a2779-PK/B.12 a2778-PK/B.12 a2777-PK/B.12 a2776-PK/B.12 a2775-PK/B.12 a2774-PK/B.12 a2773-PK/B.12 a2772-PK/B.12 a2771-PK/B.12